000 01070nac a22004330a 4500
001 PT54352
003 AR-LpoUNG
005 20210201005529.0
008 201001s1995||||sp |||||||||||||||||spa d
020 _a8441301220
_c$28
040 _aAR-LpoUNG
_bspa
_eaacr
041 _aspa
044 _asp
082 0 _aR909 794era-v1
100 1 _aBlitzer, Charles
245 1 3 _aLa era de los reyes :
_bépoca del Barroco
260 _aBarcelona :
_bFolio,
_c1995.
300 _a95 p. :
_bil., mapas, gráfs., fot.
_3Impreso
490 0 _aAtlas culturales del mundo
650 4 _aANALISIS HISTORICO
650 4 _aARTE
650 4 _aATLAS
650 4 _aCIVILIZACION
650 4 _aCULTURA
650 4 _aEUROPA
650 4 _aFACTORES CULTURALES
650 4 _aGUERRA
650 4 _aHISTORIA
650 4 _aHISTORIA POLITICA
650 4 _aMATERIAL DE REFERENCIA
650 4 _aRELIGION
650 4 _aSOCIEDAD
651 4 _aMundial
653 _aBARROCO
653 _aMONARQUIA
700 1 _aKrieger, Leonard
905 _a54352
942 _cLSALA
999 _c50088
_d50088